al-Sadd al-ʻĀlī. (Record no. 48261)

MARC details
000 -LEADER
fixed length control field 00593cam a22002171 4500
001 - CONTROL NUMBER
control field ne 65001434
003 - CONTROL NUMBER IDENTIFIER
control field DLC
005 - DATE AND TIME OF LATEST TRANSACTION
control field 20260227111815.0
008 - FIXED-LENGTH DATA ELEMENTS--GENERAL INFORMATION
fixed length control field 890613s1964 xx a 000 0 ara
010 ## - LIBRARY OF CONGRESS CONTROL NUMBER
LC control number ne 65001434
035 ## - SYSTEM CONTROL NUMBER
System control number (OCoLC)23516060
040 ## - CATALOGING SOURCE
Original cataloging agency DLC
Transcribing agency MiU
Modifying agency DLC
050 00 - LIBRARY OF CONGRESS CALL NUMBER
Classification number TC558.E5
Item number A83452
110 2# - MAIN ENTRY--CORPORATE NAME
Corporate name or jurisdiction name as entry element Hayʼah al-ʻĀmmah li-Bināʼ al-Sadd al-ʻĀlī.
240 00 - UNIFORM TITLE
Uniform title Aswan High Dam.
Language of a work Arabic.
245 13 - TITLE STATEMENT
Title al-Sadd al-ʻĀlī.
260 ## - PUBLICATION, DISTRIBUTION, ETC.
Date of publication, distribution, etc. [1964]
300 ## - PHYSICAL DESCRIPTION
Extent unpaged.
Other physical details illus. (part col.)
Dimensions 22 x 23 cm.
500 ## - GENERAL NOTE
General note Romanized.
651 #0 - SUBJECT ADDED ENTRY--GEOGRAPHIC NAME
Geographic name Aswan High Dam (Egypt)

No items available.

Powered by Koha